000 00977nam a2200301 4500
999 _c23440
_d23440
001 vtls012143949
005 20221011073353.0
008 220718s2022 xo e 000 f slo
020 _a9788055183244
_q(viazané)
040 _aTTKJF
_bslo
_cTTKJF
_erda
041 0 _aslo
044 _axo
_cSK
072 7 _a821.162.4-3
_xSlovenská próza
_2konspekt
080 _a821.162.4-31
_22011
080 _a(0:82-312.4)
_22011
100 1 _aŠloser, Peter
_4aut
_93659
245 1 0 _aSpolok Judášov
_cPeter Šloser
264 1 _aBratislava
_bIkar
_c2022
300 _a436 strán
_c21 cm
336 _atext
_btxt
_2rdacontent
337 _abez média
_bn
_2rdamedia
338 _azväzok
_bnc
_2rdacarrier
500 _aObsahuje biografické údaje o autorovi na záložke prebalu publikácie
655 7 _aslovenské romány
_2SNKPH
_91694
655 7 _adetektívne romány
_2SNKPH
_91710
655 7 _aSlovak fiction
_2SNKPHeng
_91695
655 7 _aDetective novels
_2SNKPHeng
_91711